[Event "Catalunya-chT"]
[Site "Catalunya"]
[Date "1996.??.??"]
[Round "?"]
[White "Collado Galarza, Jose"]
[Black "Bordell Rosell, Roman"]
[Result "0-1"]
[WhiteElo "2280"]
[BlackElo "2250"]

1.c4 e5 2.g3 Nf6 3.Bg2 d5 4.cxd5 Nxd5 5.Nc3 Nxc3 6.bxc3 c5 7.Nf3 Nc6 8.O-O Be7
9.d3 Be6 10.c4 O-O 11.Bb2 f6 12.Nd2 Qd7 13.Ne4 Bh3 14.f4 Bxg2 15.Kxg2 exf4
16.Rxf4 f5 17.Nc3 Bg5 18.Rf1 Ne7 19.e4 Bf6 20.Qe2 fxe4 21.dxe4 Qe6 22.Rae1 Nc6
23.Nd5 Bxb2 24.Rxf8+ Rxf8 25.Qxb2 b6 26.e5 Nd4 27.Qb1 b5 28.Qd3 Rd8 29.Qe4 bxc4
30.Nf4 Qa6 31.e6 Qxa2+ 32.Kh3 c3 33.e7 Re8 34.Nd5 Qa6 35.Nxc3 Qh6+ 36.Kg2 Qd2+
37.Kh3 Qh6+ 38.Kg2 Qc6 39.Nd5 a5 40.h4 a4 41.Rb1 a3 42.Kh3 Qc8+ 43.g4 a2
44.Ra1 Qa8 45.Qg2 Nc2 46.Nf6+ gxf6 47.Qxa8 Rxa8 48.Rxa2 Rc8 49.Rxc2 Kf7 50.Re2 c4
51.Kg3 c3 52.g5 fxg5 53.hxg5 Ke8 54.Rc2 Kxe7 55.Kf4 Kf7 56.Ke4 Kg6 57.Kd3 Kxg5  0-1

[Event "Asia-ch"]
[Site "Dubai"]
[Date "1996.??.??"]
[Round "?"]
[White "Al Sulaiti, Ali"]
[Black "Nassr, Nacer"]
[Result "1-0"]
[WhiteElo "2180"]
[BlackElo "2230"]

1.c4 e5 2.g3 b6 3.Bg2 Nc6 4.Nc3 Bb7 5.Nf3 d6 6.d4 Nxd4 7.e3 Nxf3+ 8.Bxf3 Bxf3
9.Qxf3 Nf6 10.Qc6+ Nd7 11.Nb5 Ke7 12.Nxc7 Rc8 13.Nd5+ Ke8 14.Qa4 a5 15.e4 Be7
16.Be3 Rb8 17.O-O Kf8 18.Qc2 h5 19.f4 exf4 20.gxf4 h4 21.Rad1 g5 22.Kh1 g4
23.e5 dxe5 24.Qf5 exf4 25.Nxf4 Ke8 26.Ng6 Rh7 27.Ne5  1-0

[Event "Asia-ch"]
[Site "Dubai"]
[Date "1996.??.??"]
[Round "?"]
[White "Kassabe, Ezat"]
[Black "Khechen, Nabil E"]
[Result "0-1"]
[WhiteElo "2270"]
[BlackElo "2225"]

1.c4 e5 2.g3 g6 3.Bg2 Bg7 4.Nc3 Ne7 5.e4 O-O 6.Nge2 Nbc6 7.d3 d6 8.O-O h6
9.Be3 Nd4 10.Qd2 Kh7 11.f4 f5 12.Rab1 a5 13.a3 a4 14.Bf2 Nec6 15.Nxd4 Nxd4
16.Ne2 Nb3 17.Qc2 c6 18.Rbd1 c5 19.exf5 gxf5 20.Rde1 Rb8 21.Nc3 Bd7 22.Re2 exf4
23.gxf4 Nd4 24.Bxd4 Bxd4+ 25.Kh1 Qh4 26.Rfe1 Rf7 27.Qd2 Rg7 28.Nd5 Rbg8 29.Ne7 Re8
30.Nd5 Bc6 31.Re7 Rg8 32.Rxg7+ Rxg7 33.Re7 Qg4  0-1

[Event "RUS-ch (Women)"]
[Site "Elista"]
[Date "1996.??.??"]
[Round "8"]
[White "Demina, Julia"]
[Black "Prudnikova, Svetlana"]
[Result "1/2-1/2"]
[WhiteElo "2355"]
[BlackElo "2385"]

1.c4 e5 2.g3 Nf6 3.Bg2 d5 4.cxd5 Nxd5 5.Nc3 Nb6 6.Nf3 Nc6 7.O-O Be7 8.a3 O-O
9.b4 Re8 10.Rb1 Bf8 11.d3 Nd4 12.Nd2 a5 13.b5 f6 14.e3 Ne6 15.Nf3 Rb8 16.d4 exd4
17.exd4 Nd5 18.Nxd5 Qxd5 19.Re1 Rd8 20.Re2 Qh5 21.Qb3 Qf7 22.Be3 b6 23.d5 Nc5
24.Bxc5 Bxc5 25.Ne1 Bf5  1/2-1/2

[Event "Essen tt"]
[Site "Essen"]
[Date "1996.??.??"]
[Round "?"]
[White "Balduan, Markus"]
[Black "Kalinitschew, Sergey"]
[Result "0-1"]
[WhiteElo "2300"]
[BlackElo "2505"]

1.c4 e5 2.g3 f5 3.Bg2 Nf6 4.e3 d6 5.Nc3 g6 6.d4 Nbd7 7.Nge2 Bg7 8.O-O O-O
9.Rb1 Re8 10.b4 c6 11.b5 c5 12.Nd5 Nxd5 13.Bxd5+ Kh8 14.dxe5 dxe5 15.Qc2 Nb6
16.Nc3 Qc7 17.Bb2 e4 18.a4 Rd8 19.a5 Nxd5 20.Nxd5 Qf7 21.Bxg7+ Qxg7 22.Qb2 Be6
23.Nc7 Bxc4 24.Qxg7+ Kxg7 25.Rfc1 Rac8 26.b6 axb6 27.axb6 Bd3 28.Ne6+ Kf6
29.Nxd8 Rxd8 30.Rb2 c4 31.Kg2 Ke5 32.h3 Kd5 33.g4 Kc5 34.Kg3 Rd6 35.gxf5 gxf5
36.Kf4 Rxb6 37.Ra2 Rh6 38.Ra8 b5 39.Rc8+ Rc6 40.Rf8 b4 41.Rxf5+ Kb6 42.Rf8 c3
43.Rb8+ Kc5 44.Ke5 c2  0-1

[Event "EST-chT"]
[Site "EST"]
[Date "1996.??.??"]
[Round "?"]
[White "Narva, Jaan"]
[Black "Zavoronkov, Vladimir"]
[Result "1-0"]
[WhiteElo "2275"]
[BlackElo "2240"]

1.c4 e5 2.g3 Nc6 3.Bg2 g6 4.Nc3 Bg7 5.Rb1 Nge7 6.b4 d6 7.b5 Nd4 8.e3 Ne6
9.Nge2 O-O 10.O-O f5 11.Nd5 g5 12.f4 Ng6 13.fxe5 dxe5 14.Ba3 Rf7 15.Qc2 e4
16.g4 fxg4 17.Rxf7 Kxf7 18.Rf1+ Kg8 19.Bxe4 c6 20.bxc6 bxc6 21.Bxg6 cxd5
22.Bxh7+ Kh8 23.Qg6 Be5 24.Bf8  1-0

[Event "FIN-chT 9697 Division-B"]
[Site "FIN"]
[Date "1996.??.??"]
[Round "2.1"]
[White "Valkesalmi, Kimmo"]
[Black "Osterman, Georg"]
[Result "1-0"]
[WhiteElo "2370"]
[BlackElo "2260"]

1.c4 e5 2.g3 Nc6 3.Nc3 g6 4.Bg2 Bg7 5.Rb1 a5 6.a3 d6 7.b4 axb4 8.axb4 f5
9.b5 Nce7 10.d3 Nf6 11.Qb3 O-O 12.Nf3 h6 13.c5+ Kh8 14.b6 e4 15.dxe4 Nxe4
16.Nxe4 fxe4 17.bxc7 Qxc7 18.cxd6 Qxd6 19.Nd2 e3 20.Qxe3 Bf5 21.Rxb7 Nd5
22.Qb3 Be6 23.Bb2 Nf6 24.Qe3 Bd5 25.Bxd5 Qxd5 26.Qf3 Qd6 27.Nc4 Qc5 28.Ne3 Qa5+
29.Kf1 Nh5 30.Bxg7+ Nxg7 31.Qe4  1-0

[Event "FIN-chT 9596"]
[Site "FIN"]
[Date "1996.??.??"]
[Round "2"]
[White "Yrjola, Jouni"]
[Black "Pulkkinen, Kari"]
[Result "1/2-1/2"]
[WhiteElo "2460"]
[BlackElo "2345"]

1.c4 e5 2.g3 Nf6 3.Bg2 Nc6 4.Nc3 Bc5 5.a3 a5 6.e3 O-O 7.Nge2 d6 8.O-O Ne7
9.d4 Ba7 10.Nb5 Bb8 11.e4 c6 12.Nbc3 Be6 13.Qd3 Ng6 14.d5 cxd5 15.cxd5 Bd7
16.Bd2 Ne8 17.b4 a4 18.Rfc1 Ba7 19.Nd1 f5 20.exf5 Bxf5 21.Qb5 Nf6 22.Be3 Be4
23.Nec3 Bxg2 24.Kxg2 Ng4 25.Bxa7 Rxa7 26.Ne4 h6 27.f3 Nf6 28.Ndf2 Ne7 29.Nxf6+ Rxf6
30.Rc3 Nf5 31.Ne4 Rf7 32.Rac1 Ra8 33.Qd3 g6 34.Qd2 Kg7 35.Qb2 Qb6 36.Qf2 Nd4
37.Rd3 Raf8 38.Rcc3 Kh7 39.h4 Kg7 40.Kh1 Kh7 41.Kg2 Rd8 42.Rc4 Rdf8 43.Rcc3 Qa6
44.Qd2 Nb5 45.Rc1 Qb6 46.Qf2 Qd8 47.Rc4 Rc7 48.Rc2 Qe7 49.Re2 Rc4 50.Qb6 Qd7  1/2-1/2

[Event "FIN-chT 9596"]
[Site "FIN"]
[Date "1996.??.??"]
[Round "7"]
[White "Hakulinen, Esko Matti"]
[Black "Hokkanen, Petri"]
[Result "1-0"]
[WhiteElo "2340"]
[BlackElo "2260"]

1.c4 e5 2.g3 Nf6 3.Bg2 d6 4.Nc3 Nc6 5.Nf3 g6 6.d4 exd4 7.Nxd4 Bd7 8.Nb3 Rb8
9.Nd5 Bg7 10.O-O b6 11.h3 Ne5 12.Qc2 Ba4 13.Rd1 Nxd5 14.cxd5 O-O 15.Bd2 Nd7
16.Qc4 b5 17.Qc2 Re8 18.e4 Nc5 19.Be3 Qe7 20.Rac1 a6 21.Bxc5 dxc5 22.Qxc5 Bxb2
23.Qxe7 Rxe7 24.Rc6 Bxb3 25.axb3 a5 26.Ra6 Bc3 27.Rc1 Bb4 28.f4 Bd2 29.Rc2 Be3+
30.Kf1 Bb6 31.e5 Ree8 32.Rc6 Ra8 33.Rxa8 Rxa8 34.d6 Rc8 35.h4 a4 36.bxa4 bxa4
37.Bh3 Rb8 38.dxc7 Bxc7 39.Rxc7 Rb1+ 40.Kf2 a3 41.Ra7 Rb2+ 42.Ke3 Rb3+ 43.Kf2 Rb2+
44.Ke3 Rb3+ 45.Ke4 Rxg3 46.Bd7 Kf8 47.Bc6 Rh3  1-0

[Event "FIN-chT 9596"]
[Site "FIN"]
[Date "1996.??.??"]
[Round "8"]
[White "Hakulinen, Esko Matti"]
[Black "Lehtivaara, Petri"]
[Result "0-1"]
[WhiteElo "2340"]
[BlackElo "2330"]

1.c4 e5 2.g3 Nc6 3.Bg2 g6 4.Nc3 Bg7 5.d3 d6 6.e4 Nge7 7.Nge2 O-O 8.O-O Be6
9.Nd5 f5 10.Be3 Qd7 11.Qd2 Rae8 12.Rac1 Nc8 13.b4 Nd8 14.b5 c6 15.bxc6 bxc6
16.Ndc3 Nf7 17.exf5 Bxf5 18.f4 Bh3 19.d4 Bxg2 20.Kxg2 exf4 21.Nxf4 Nb6 22.Nd1 d5
23.c5 Nc4 24.Qd3 Nh6 25.Bg1 Qf5 26.Rc2 Re4 27.Rf3 Re1 28.Bf2 Qxd3 29.Rxd3 Re7
30.Nb2 Nxb2 31.Rxb2 Nf5 32.Re2 Rfe8 33.Rxe7 Rxe7 34.Kf3 Re4 35.Ne2 h5 36.h3 g5
37.g4 hxg4+ 38.hxg4 Nh6 39.Ra3 Nxg4 40.Rxa7 Nh2+ 41.Kg2 Rxe2 42.Kxh2 Rxf2+
43.Kg3 Bxd4  0-1

[Event "Finkenstein op"]
[Site "Finkenstein"]
[Date "1996.??.??"]
[Round "6"]
[White "Hon, Andrew"]
[Black "Best, Philip"]
[Result "1-0"]
[WhiteElo "2215"]
[BlackElo "1975"]

1.c4 e5 2.g3 d6 3.Bg2 f5 4.Nc3 Nf6 5.d3 g6 6.f4 Bg7 7.Nh3 O-O 8.Rb1 c6 9.Bd2 Nbd7
10.b4 h6 11.b5 c5 12.O-O Re8 13.Nf2 Nf8 14.Nd5 Nxd5 15.cxd5 Qb6 16.Qa4 a6
17.bxa6 Qd8 18.a7 Bd7 19.Qa5 b5 20.Qxd8 Rexd8 21.fxe5 Bxe5 22.Ba5 Rdc8 23.Bb6 b4
24.e3 Bb5 25.d4 Nd7 26.Rfc1 Nxb6 27.dxe5 Rxa7 28.exd6 Rxa2 29.e4 fxe4 30.Nxe4 Bd3
31.Rxb4 Nxd5 32.Rd4 Bxe4 33.Rxe4 Nf6 34.Re6 Kg7 35.Re7+ Kf8 36.Rf1  1-0

[Event "Frydek-Mistek op"]
[Site "Frydek-Mistek"]
[Date "1996.??.??"]
[Round "4"]
[White "Shurygin, Sergey"]
[Black "Voloshin, Leonid"]
[Result "0-1"]
[WhiteElo "2395"]
[BlackElo "2420"]

1.c4 e5 2.g3 Nf6 3.Nc3 Nc6 4.Bg2 Bb4 5.d3 O-O 6.Bd2 Re8 7.Nd5 Bxd2+ 8.Qxd2 Nxd5
9.cxd5 Ne7 10.d4 d6 11.e3 c6 12.dxc6 bxc6 13.dxe5 dxe5 14.Qxd8 Rxd8 15.Nf3 f6
16.O-O Be6 17.Rfc1 a5 18.Bf1 Rab8 19.b3 Rb4 20.Be2 a4 21.bxa4 Rxa4 22.a3 Kf7
23.Bd1 Rxd1+ 24.Rxd1 Bg4 25.Kg2 e4 26.Nd2 Bxd1 27.Rxd1 f5 28.Nb1 Nd5 29.Rc1 Ra6
30.Rc4 Ke6 31.g4 g6 32.Kg3 Kd6 33.gxf5 gxf5 34.a4 c5 35.Na3 Nb4 36.Nb5+ Kd5
37.Rc1 Rg6+ 38.Kh3 Nd3 39.Rc2 Rh6+ 40.Kg3 Rg6+ 41.Kh3 Ne1 42.Rc1 Nf3 43.Nc3+ Kc6
44.Ne2 Rg4 45.Nd4+ Kd5 46.Nxf3 exf3 47.Ra1 c4 48.a5 c3 49.a6 Rg8 50.a7 Ra8
51.Kg3 Kc4 52.Ra6 Kb5 53.Ra1 Kc4 54.Ra6 c2 55.Kxf3 Kb5 56.Ra1 Kb4 57.Kf4 Rxa7  0-1

[Event "Frydek-Mistek op"]
[Site "Frydek-Mistek"]
[Date "1996.??.??"]
[Round "6"]
[White "Kalinin, Oleg"]
[Black "Pinkas, Karol"]
[Result "1-0"]
[WhiteElo "2420"]
[BlackElo "2375"]

1.c4 e5 2.g3 Nf6 3.Bg2 Bc5 4.Nc3 O-O 5.e3 d6 6.Nge2 Nc6 7.a3 Re8 8.d3 a5
9.h3 Ba7 10.O-O Ne7 11.b3 Nf5 12.Qc2 c6 13.Bb2 Be6 14.Ne4 d5 15.Nxf6+ Qxf6
16.Nf4 d4 17.Nxe6 Rxe6 18.e4 Nd6 19.h4 Rf8 20.Bh3 Ree8 21.b4 axb4 22.axb4 Bb8
23.Ba3 Re7 24.Rfb1 b5 25.Bc1 h6 26.Ra6 bxc4 27.dxc4 Rc7 28.Qd3 Qg6 29.Bg2 Qe6
30.c5 Nb5 31.Bd2 Rd8 32.Bf1 Rb7 33.Qc4 Qg6 34.Bd3 Nc7 35.Ra5 Qg4 36.Kg2 Ne6
37.f3 Qg6 38.Kf2 Nc7 39.Qa2 Qf6 40.Ba6 Ra7 41.Bc4 Rb7 42.Kg2 Qe7 43.g4 Qf6
44.g5 Qg6 45.h5 Qxh5 46.gxh6 d3 47.Bxf7+  1-0

[Event "Troll Masters"]
[Site "Gausdal"]
[Date "1996.??.??"]
[Round "7"]
[White "Schmittdiel, Eckhard"]
[Black "Jacobs, Byron A"]
[Result "1-0"]
[WhiteElo "2430"]
[BlackElo "2290"]

1.c4 e5 2.g3 Nc6 3.Bg2 f5 4.a3 Nf6 5.Nc3 d6 6.b4 a6 7.Bb2 g6 8.b5 axb5 9.cxb5 Nd4
10.e3 Ne6 11.Nge2 Bg7 12.O-O d5 13.Na2 e4 14.Nb4 Qd6 15.Nd4 O-O 16.Qc2 Ne8
17.Nxe6 Bxe6 18.Bxg7 Kxg7 19.Qc3+ Kg8 20.Rfc1 Rf7 21.a4 Rd7 22.a5 d4 23.Qb2 Qe5
24.Nc2 Nd6 25.Nxd4 Bc4 26.Qb4 Bd3 27.Ra3 Qe7 28.a6 Nxb5 29.axb7 Rb8 30.Qxe7 Rxe7
31.Rxd3  1-0

[Event "BEL-ch"]
[Site "Geel"]
[Date "1996.??.??"]
[Round "5"]
[White "Cekro, Ekrem"]
[Black "Meulders, Richard"]
[Result "1/2-1/2"]
[WhiteElo "2410"]
[BlackElo "2265"]

1.c4 e5 2.g3 Nf6 3.Bg2 Nc6 4.Nc3 g6 5.e3 Bg7 6.Nge2 O-O 7.O-O d6 8.d4 Re8
9.d5 Na5 10.b3 e4 11.Bb2 a6 12.Qc2 Qe7 13.Rad1 h5 14.h3 Bf5 15.Nd4 Bd7 16.Rd2 Rac8
17.Qd1 c5 18.dxc6 bxc6 19.Nde2 Nb7 20.Na4 Rcd8 21.Ba3 Bf8 22.Nec3 Bf5 23.Kh2 Nc5
24.Nxc5 dxc5 25.Na4 Nd7 26.Qc1 h4 27.g4 Bxg4 28.hxg4 Nf6 29.Bh3 Qe5+ 30.Kg2 Qg5
31.Kh1 Bd6 32.Bb2 Nxg4 33.Qd1 Nxe3 34.fxe3 Qxe3 35.Bg4 Bc7 36.Rxd8 Rxd8 37.Qe1 Qxe1
38.Rxe1 f5 39.Be2 Rd2 40.Bf1 Bg3 41.Re2 Rd1 42.Kg2 f4 43.Rxe4 f3+ 44.Kxf3 Rxf1+
45.Kg4 Rg1 46.Nc3 Be1+ 47.Kh3 Bxc3 48.Bxc3 Rg3+ 49.Kxh4 Rxc3 50.Re6 a5 51.Rxg6+ Kf7
52.Rxc6 a4 53.Rb6 axb3 54.axb3 Ke7 55.Kg5 Kd7 56.Kf4 Kc7 57.Rb5 Kc6 58.Ke4 Rh3
59.Rb8 Rg3 60.Rc8+ Kd7 61.Rb8 Kc7 62.Rf8 Rxb3 63.Kd5 Rh3 64.Rf7+ Kc8 65.Kxc5 Rh6
66.Kb5 Rg6 67.Ra7 Rh6 68.Ra8+ Kb7 69.Rg8 Rf6 70.c5  1/2-1/2

[Event "BEL-ch"]
[Site "Geel"]
[Date "1996.??.??"]
[Round "8"]
[White "Cekro, Ekrem"]
[Black "Geenen, Marc"]
[Result "1/2-1/2"]
[WhiteElo "2410"]
[BlackElo "2330"]

1.c4 e5 2.g3 Nf6 3.Bg2 d5 4.cxd5 Nxd5 5.Nc3 Nb6 6.Nf3 Nc6 7.d3 Be7 8.O-O O-O
9.Be3 Be6 10.Ne4 f5 11.Nc5 Bd5 12.Rc1 Nd4 13.Bxd4 exd4 14.Nb3 Bf6 15.Rc5 c6
16.Qd2 Qe7 17.Qc2 Rad8 18.Nfxd4 Bxd4 19.Bxd5+ Rxd5 20.Rxd5 Bxf2+ 21.Rxf2 Nxd5
22.e4 fxe4 23.Rxf8+ Kxf8 24.dxe4 Nf6 25.Nd2 Qb4 26.Kg2  1/2-1/2

[Event "Geneve op"]
[Site "Geneve"]
[Date "1996.??.??"]
[Round "5"]
[White "Chabanon, Jean Luc"]
[Black "Rotstein, Arkadij"]
[Result "1-0"]
[WhiteElo "2425"]
[BlackElo "2445"]

1.c4 e5 2.g3 d6 3.Bg2 g6 4.Nc3 Bg7 5.d3 f5 6.e3 Nf6 7.Nge2 O-O 8.b3 c6 9.Qd2 a5
10.Bb2 Na6 11.Na4 Be6 12.f4 b5 13.Nac3 bxc4 14.dxc4 Qc7 15.O-O Nc5 16.Rac1 Rfd8
17.h3 Qb6 18.Rfd1 Bf7 19.Kh2 e4 20.Rb1 a4 21.Nxa4 Nxa4 22.bxa4 Qc5 23.Rdc1 Rxa4
24.Bd4 Qa3 25.Rc3 Qxa2 26.Rb2 Qa1 27.Rcc2 Raa8 28.Ra2 Rxa2 29.Rxa2 Qb1 30.Ra7 Qb8
31.Qa2 c5 32.Ba1 Ne8 33.Bxg7 Kxg7 34.Nc3 Nf6 35.Nb5 Rd7 36.Rxd7 Nxd7 37.Qd2 d5
38.Nc3 Nf6 39.cxd5 Qd6 40.Bf1 Kf8 41.Bc4 Qb6 42.Be2 Ne8 43.Nb5 Ke7 44.Bc4 Nd6
45.Nxd6 Qxd6 46.Kg2 Be8 47.Qb2 Bf7 48.Qg7 h5 49.g4 hxg4 50.hxg4 fxg4 51.Kg3 Ke8
52.Qe5+ Kd7 53.Kxg4 Qb6 54.Kg5 Qd8+ 55.Qf6  1-0

[Event "BL2-O9596"]
[Site "Germany"]
[Date "1996.??.??"]
[Round "?"]
[White "Troyke, Christian"]
[Black "Sehrt, Juergen"]
[Result "1-0"]
[WhiteElo "2360"]
[BlackElo "2300"]

1.g3 e5 2.c4 Nf6 3.Bg2 d5 4.cxd5 Nxd5 5.Nc3 Nb6 6.Nf3 Nc6 7.O-O Be7 8.d3 O-O
9.Bd2 Be6 10.a3 f6 11.b4 Nd4 12.Nxd4 exd4 13.Ne4 Bd5 14.Qc2 f5 15.Nc5 Bxg2
16.Kxg2 Qd5+ 17.Kg1 Rae8 18.Rfe1 Bxc5 19.Qxc5 Rf6 20.a4 Rc6 21.Qxd5+ Nxd5
22.Ra2 a6 23.Kf1 b5 24.axb5 axb5 25.Rea1 Kf7 26.Ra5 Rb8 27.R1a2 Ke7 28.e3 dxe3
29.fxe3 Kd7 30.Kf2 Nf6 31.h3 Rd6 32.Ke2 g6 33.Rc2 Rc6 34.Rxc6 Kxc6 35.Kf3 Kb6
36.e4 fxe4+ 37.dxe4 Rf8 38.Be3+ Kc6 39.Bc5 Rf7 40.Ke3 Nd7 41.Bd4 Rf1 42.Ra6+ Kb7
43.Re6 Rg1 44.Re7 Kc6 45.Kf2 Rb1 46.Bc3 Kd6 47.Rxh7 Rb3 48.Bd2 Nf6 49.Rh4 c6
50.Bg5 Ke6 51.Bxf6 Kxf6 52.Rg4 g5 53.Ke2 Rc3 54.Kd2 Ra3 55.Ke2 Rc3 56.e5+ Kf5
57.e6 Ra3 58.e7 Ra8 59.Ke3 Ra1 60.Kd2 Ra8 61.Kd3 Ra3+ 62.Kd4 Ra8 63.Re4  1-0

[Event "Landesliga N9596 Bayern"]
[Site "Germany"]
[Date "1996.??.??"]
[Round "?"]
[White "Bucka, Reinhard"]
[Black "Erlbeck, Peter"]
[Result "0-1"]
[WhiteElo "2120"]
[BlackElo "2105"]

1.c4 e5 2.g3 f5 3.Bg2 Nf6 4.Nc3 Nc6 5.d3 Bc5 6.e3 O-O 7.a3 a5 8.Nge2 d6 9.d4 Ba7
10.O-O Qe8 11.b4 Qh5 12.Nb5 Bb8 13.d5 Ne7 14.Bb2 Ng6 15.bxa5 f4 16.exf4 Bh3
17.fxe5 Ng4 18.f3 N4xe5 19.Bxe5 dxe5 20.Qd2 c6 21.Nbc3 Ba7+ 22.Kh1 Rad8 23.Ne4 cxd5
24.cxd5 Ne7 25.g4 Bxg2+ 26.Kxg2 Qg6 27.d6 Nf5 28.Qd5+ Kh8 29.Qxe5 Rde8 30.Qb2 Ne3+
31.Kg3 Rxe4 32.Rfd1 Rxg4+  0-1

[Event "BL2-W9596"]
[Site "Germany"]
[Date "1996.??.??"]
[Round "?"]
[White "Bauer, Christian"]
[Black "Seul, Georg"]
[Result "1-0"]
[WhiteElo "2430"]
[BlackElo "2410"]

1.c4 e5 2.g3 d6 3.Bg2 f5 4.Nc3 Nf6 5.d3 Be7 6.e3 O-O 7.Nge2 c6 8.O-O Na6
9.a3 Be6 10.b4 Nc7 11.Bb2 Qd7 12.Qd2 Rad8 13.Rac1 Kh8 14.Qc2 a6 15.Na4 Qe8
16.c5 Qh5 17.Rfe1 Ncd5 18.cxd6 Bxd6 19.Nc5 Bc8 20.Nc3 f4 21.exf4 exf4 22.Nxd5 cxd5
23.Ne6 Bxe6 24.Rxe6 Ng4 25.h3 fxg3 26.fxg3 Bxg3 27.Qe2 Nf6 28.Bxf6 Qxe2 29.Bxg7+ Kxg7
30.Rxe2 Rf7 31.Rc3 Rfd7 32.Bf3 Bb8 33.Bg4 Rf7 34.Rc8 Ba7+ 35.Kg2 Rxc8 36.Bxc8 Rc7
37.Be6 Re7 38.Kf3 d4 39.Bd5 Rd7 40.Be4 Kf6 41.Rc2 Bb6 42.Rc8 Bd8 43.Bxb7 a5
44.Rxd8 Rxb7 45.Rxd4  1-0

[Event "BL2-N9697"]
[Site "Germany"]
[Date "1996.??.??"]
[Round "?.4"]
[White "Apel, Stefan"]
[Black "Meyer, Falko"]
[Result "0-1"]
[WhiteElo "2345"]
[BlackElo "2305"]

1.c4 e5 2.g3 Nf6 3.Bg2 Nc6 4.Nc3 Bc5 5.e3 O-O 6.Nge2 Re8 7.d3 a6 8.O-O d6
9.b3 Bf5 10.Bb2 Qd7 11.Nd5 Nxd5 12.cxd5 Ne7 13.d4 exd4 14.Nxd4 Bh3 15.e4 Ng6
16.Re1 Bxg2 17.Kxg2 Bxd4 18.Qxd4 f6 19.f3 h5 20.h3 Re7 21.g4 Rae8 22.Qd2 hxg4
23.hxg4 Kf7 24.Kg3 c5 25.Rh1 b5 26.Rh5 Rh8 27.Rah1 Ree8 28.Bxf6 Rxh5 29.Rxh5 Kg8
30.Bb2 Rf8 31.Rg5 Qf7 32.Rf5 Qe7 33.Rg5 Qf7 34.Rf5 Qe7 35.Rxf8+ Kxf8 36.g5 Kg8
37.Qe3 Qf7 38.f4 Ne7 39.Qf3 Qg6 40.Kg4 Qh7 41.Kg3 Ng6 42.Qg4 Nf8 43.Qf3 Ng6
44.Qg4 Nf8 45.Qe2 Qh1 46.e5 Ng6 47.Qg4 Qg1+ 48.Kf3 Qd1+ 49.Kg3 Qe1+ 50.Kg2 Qd2+
51.Kg3 Qxd5 52.exd6 Qxd6 53.Qc8+ Nf8 54.Be5 Qd3+ 55.Kg4 Qe2+ 56.Kf5 g6+ 57.Kf6 Qe4
58.f5 gxf5 59.g6 Qh4+ 60.Kxf5 Qh3+  0-1

[Event "BL2-S9697"]
[Site "Germany"]
[Date "1996.??.??"]
[Round "?.7"]
[White "Stoll, Ferdinand"]
[Black "Schreiner, Richard"]
[Result "1-0"]
[WhiteElo "2250"]
[BlackElo "2220"]

1.c4 e5 2.g3 Nc6 3.Bg2 g6 4.Nc3 Bg7 5.e4 d6 6.Nge2 Nh6 7.d3 O-O 8.h4 f6 9.Nd5 Nf7
10.Be3 Ne7 11.Qd2 c6 12.Nxe7+ Qxe7 13.Nc3 Be6 14.a4 b6 15.O-O-O Rab8 16.f4 Rfc8
17.h5 g5 18.fxg5 Nxg5 19.h6 Bh8 20.Rdf1 a6 21.Rh5 Nf7 22.Bh3 d5 23.exd5 cxd5
24.cxd5 Bxh3 25.Rxh3 b5 26.Rh4 b4 27.Rg4+ Kf8 28.Rc4 bxc3 29.Qxc3 Qd7 30.Rc6 Rxc6
31.dxc6 Qe6 32.c7 Rc8 33.Kb1 Qd7 34.Rc1 f5 35.a5 e4 36.Qc5+ Ke8 37.d4 Bf6
38.Qb6 Be7 39.Bf4 Bd6 40.Bxd6 Nxd6 41.d5 Nb5 42.Qf6 Rxc7 43.Qh8+ Ke7 44.Qxh7+ Kf6
45.Qh8+ Kg6 46.Qg8+ Kf6 47.Rxc7 Qxc7 48.h7 Na3+ 49.bxa3  1-0

[Event "Oberliga Ost B9596"]
[Site "Germany"]
[Date "1996.??.??"]
[Round "?"]
[White "Schmidt Brauns, Joachim"]
[Black "Espig, Lutz"]
[Result "0-1"]
[WhiteElo "2195"]
[BlackElo "2395"]

1.c4 e5 2.g3 Nf6 3.Bg2 d6 4.Nc3 g6 5.Nf3 Bg7 6.O-O O-O 7.d3 Nbd7 8.Rb1 Nh5
9.e4 Nc5 10.b4 Ne6 11.Be3 f5 12.exf5 gxf5 13.Nxe5 Qe8 14.Bf3 Nf6 15.d4 dxe5
16.dxe5 Ng4 17.Bxg4 fxg4 18.Qxg4 Nf4 19.Qd1 Bh3 20.Bxf4 Rxf4 21.Qd5+ Rf7
22.Rfe1 Rd8 23.Qxb7 c6 24.Qa6 Rxf2 25.Ne4 Rg2+ 26.Kh1 Qh5 27.Qxc6 Rxh2+ 28.Kg1 Rg2+  0-1

[Event "BL2-O9596"]
[Site "Germany"]
[Date "1996.??.??"]
[Round "?"]
[White "Blum, Gernot"]
[Black "Liebert, Heinz"]
[Result "0-1"]
[WhiteElo "2115"]
[BlackElo "2370"]

1.c4 e5 2.g3 Nf6 3.Bg2 Nc6 4.Nf3 d6 5.Nc3 g6 6.O-O Bg7 7.Rb1 O-O 8.d3 Nd4
9.Nd2 a5 10.h3 c6 11.e3 Ne6 12.Nf3 Nc5 13.e4 h6 14.a3 a4 15.Be3 Nfd7 16.d4 exd4
17.Nxd4 Qe7 18.Nc2 Nb6 19.Bd4 f6 20.Qe2 Qf7 21.Ne3 Be6 22.Rbc1 Nxc4 23.Bxc5 dxc5
24.Ned5 b5 25.Nf4 Na5 26.Nxe6 Qxe6 27.f4 Nb3 28.Rce1 Nd4 29.Qf2 Qb3 30.Nd1 Rad8
31.Ne3 Rfe8 32.Rc1 Bf8 33.Ng4 Kg7 34.e5 fxe5 35.fxe5 Be7 36.Rc3 Qe6 37.Qe3 Bg5
38.Qe4 Be7 39.Kh2 Rf8 40.Nf6 Bxf6 41.exf6+ Rxf6 42.Rxf6 Qxe4 43.Bxe4 Kxf6
44.Rxc5 Re8 45.Bd3 Re3 46.Rc3 Nf3+ 47.Kh1 Ne5 48.Bf1 Rxc3 49.bxc3 Ke6 50.Kg1 Kd5
51.Kf2 Nc4 52.Bd3 g5 53.Kf3 Ne5+ 54.Ke3 Nxd3 55.Kxd3 h5 56.g4 hxg4 57.hxg4 Ke5
58.Ke3 c5 59.Kf3 b4  0-1

[Event "Landesliga Sued 9697 Bayern"]
[Site "Germany"]
[Date "1996.??.??"]
[Round "?"]
[White "Rubke, Manfred"]
[Black "Hofmann, Juergen"]
[Result "1/2-1/2"]
[WhiteElo "2060"]
[BlackElo "2105"]

1.c4 e5 2.g3 Nf6 3.Bg2 c6 4.d4 exd4 5.Qxd4 d5 6.Nf3 dxc4 7.Qxc4 Qd5 8.Qxd5 Nxd5
9.O-O Be7 10.a3 O-O 11.e4 Nb6 12.Be3 Nc4 13.Bd4 c5 14.Bc3 Nc6 15.Nbd2 Be6
16.Rfd1 Rfd8 17.Nxc4 Bxc4 18.Ne5 Nxe5 19.Bxe5 Bb3 20.Re1 b5 21.Rac1 a5 22.Bf4 c4
23.e5 Rac8 24.Bb7 Rb8 25.Be4 g5 26.Be3 b4 27.a4  1/2-1/2

[Event "NRW-Liga II 9596"]
[Site "Germany"]
[Date "1996.??.??"]
[Round "?"]
[White "Reschke, Stefan"]
[Black "Chlaifer, Roman"]
[Result "1-0"]
[WhiteElo "2380"]
[BlackElo "2205"]

1.c4 e5 2.g3 d6 3.d4 Nd7 4.Nc3 Ngf6 5.Bg2 c6 6.Nf3 Be7 7.O-O O-O 8.Qc2 Re8
9.Rd1 Bf8 10.Ng5 Qc7 11.dxe5 dxe5 12.Nce4 h6 13.Nxf6+ Nxf6 14.Ne4 Nxe4 15.Bxe4 Bc5
16.Bd2 Qe7 17.Be1 Qg5 18.Qd2 Qg4 19.Bf3 Qxc4 20.Rac1 Qb5 21.a4 Qb6 22.a5 Qb5
23.e3 Bf8 24.Be2 Qa4 25.b4 Be6 26.a6 b6 27.Ra1 Qb3 28.Qc1 Red8 29.Qxc6 Rac8
30.Qe4 Rxd1 31.Rxd1 Bc4 32.Bf3 Bxa6 33.Ra1 Qb2 34.Rxa6 Rc1 35.Rxa7 Rxe1+
36.Kg2 Qxb4 37.Qd5 Qc5 38.Qxf7+ Kh8 39.Ra8  1-0

[Event "Giessen op"]
[Site "Giessen"]
[Date "1996.??.??"]
[Round "7"]
[White "Adamski, Jan"]
[Black "Euler, Gerd"]
[Result "1-0"]
[WhiteElo "2395"]
[BlackElo "2365"]

1.c4 e5 2.g3 Nf6 3.Bg2 d5 4.cxd5 Nxd5 5.Nc3 Nb6 6.Nf3 Nc6 7.O-O Be7 8.a3 Be6
9.d3 a5 10.Be3 Nd5 11.Nxd5 Bxd5 12.Qa4 O-O 13.Rac1 Qe8 14.Rfe1 Rd8 15.Qb5 b6
16.Nd2 Bxg2 17.Kxg2 Rd6 18.Rc2 Qa8 19.Kg1 Bd8 20.Rec1 Nd4 21.Bxd4 exd4 22.Rc6 Rxc6
23.Rxc6 Qc8 24.Nf3 Bf6 25.Qc4 h5 26.Rxc7 Qe8 27.Kf1 h4 28.gxh4 b5 29.Qd5 b4
30.axb4 axb4 31.Ng5 Be5 32.Rxf7 Rxf7 33.Nxf7 Qxf7 34.Qxe5 Qd7 35.Qc5 Qb7
36.Ke1 Qh1+ 37.Kd2 Qxh2 38.Qxd4 b3 39.Kc3 Qb8 40.Qd5+ Kh8 41.Qh5+ Kg8 42.Qd5+ Kh8
43.Qe4 g6 44.f4 Qb6 45.Qd4+ Qxd4+ 46.Kxd4  1-0

[Event "Gran Canaria op"]
[Site "Gran Canaria"]
[Date "1996.??.??"]
[Round "?"]
[White "Fauland Borek, Jutta"]
[Black "Assmann, Thomas"]
[Result "0-1"]
[WhiteElo "2115"]
[BlackElo "2340"]

1.c4 e5 2.g3 Nf6 3.Bg2 Nc6 4.Nc3 Bb4 5.e3 Bxc3 6.bxc3 d6 7.e4 O-O 8.d3 Ne8
9.Ne2 f5 10.exf5 Bxf5 11.O-O Qd7 12.f4 Bh3 13.d4 Bxg2 14.Kxg2 exd4 15.Nxd4 Nf6
16.Qd3 Nxd4 17.cxd4 d5 18.c5 Rae8 19.f5 Re4 20.Bf4 Rfe8 21.h3 Qxf5 22.Be5 Qg6
23.Rae1 Rxe1 24.Qxg6 Re2+ 25.Kf3 hxg6 26.Kxe2 Nd7 27.Kd1 Nxe5 28.Re1 Kf7
29.dxe5 Ke6 30.Kd2 Rh8 31.h4 g5 32.hxg5 Rh2+ 33.Ke3 Rxa2 34.Rb1 Ra3+ 35.Kf4 Ra4+
36.Kf3 b6 37.cxb6 axb6 38.Rh1 c5 39.Rh7 Ra7  0-1

[Event "Gran Canaria op"]
[Site "Gran Canaria"]
[Date "1996.??.??"]
[Round "?"]
[White "Lezcano Jaen, Pedro"]
[Black "Castellano, Jose"]
[Result "1-0"]
[WhiteElo "2305"]
[BlackElo "2175"]

1.c4 e5 2.g3 c6 3.Nf3 e4 4.Nd4 d5 5.cxd5 cxd5 6.Nc3 Nf6 7.Bg2 Nc6 8.Nxc6 bxc6
9.d3 exd3 10.Qxd3 Be7 11.O-O O-O 12.b3 Bg4 13.Bb2 Qd7 14.Rfd1 Rfe8 15.Rd2 Rad8
16.Rc1 Bh3 17.Bh1 Ng4 18.Na4 Bg5 19.Qd4 Bf6 20.Qf4 Ne5 21.Rdc2 Qe7 22.Qd2 d4
23.Rc5 d3 24.Bxe5 Bxe5 25.e3 Bd6 26.R5c4 a5 27.Rd4 Bf5 28.e4 Bb4 29.Qxd3 Bxe4
30.Bxe4 Rxd4 31.Qxd4 Qxe4 32.Qxe4 Rxe4 33.Rxc6 Re1+ 34.Kg2 h5 35.Rc2 Kf8
36.Nb2 Ra1 37.Nc4 g6 38.Kf3 Ke7 39.Ne3 h4 40.g4 Rh1 41.Kg2 Ra1 42.Nd5+ Kd6
43.Nxb4 axb4 44.g5 Ke5 45.Kh3 Rd1 46.Kxh4 Rd4+ 47.Kg3 Rd3+ 48.f3 Rc3 49.Re2+ Kf5
50.Re4 Rc2 51.Rxb4 Rxa2 52.h4 Ra1 53.Rb5+ Ke6 54.b4 Rg1+ 55.Kh2 Rb1 56.Rb6+ Ke7
57.b5 Kf8 58.Rb7 Kg7 59.Kg3 Rb4 60.b6 Kg8 61.Rb8+ Kh7 62.f4 Rb3+ 63.Kg4 Rb4
64.b7 Kg7 65.h5 gxh5+ 66.Kxh5 Rb1 67.Kg4  1-0

[Event "Gran Canaria op"]
[Site "Gran Canaria"]
[Date "1996.??.??"]
[Round "?"]
[White "Lezcano Jaen, Pedro"]
[Black "Lobron, Eric"]
[Result "0-1"]
[WhiteElo "2305"]
[BlackElo "2590"]

1.c4 e5 2.g3 c6 3.Nf3 e4 4.Nd4 Nf6 5.Nc3 Bc5 6.Nb3 Bb4 7.Bg2 d5 8.cxd5 cxd5
9.O-O O-O 10.d3 Re8 11.Bg5 Bxc3 12.bxc3 h6 13.Bxf6 Qxf6 14.Nd4 Nc6 15.Nxc6 bxc6
16.dxe4 dxe4 17.Qd4 Qe7 18.Rfd1 Ba6 19.Qe3 Qg5 20.Qxg5 hxg5 21.e3 Re5 22.Rd4 Bd3
23.Bf1 c5 24.Rd7 c4 25.Bxd3 cxd3 26.Rb1 Rc8 27.Rbb7 Rf5 28.g4 Rf6 29.Rb4 Rxc3
30.Rxe4 Rc2 31.f4 Rb6  0-1